000 00812nam a2200229 a 4500
005 20210223121923.0
008 991125s1986 ea 000 0 spa u
020 _a020104871X
035 _aUPN01000026159
049 _aCG
050 4 _aQA564
_bM6.38a
100 1 _aMoise, Edwim Evariste,
_d1918-1998
_929273
245 1 0 _aGeometría moderna /
_cEdwin E. Moise, Floyd L. Downs ; colab. José Tola Pasquel, Emilio Lluis Rivera ; tr. por Mariano García.
260 _aWilmngton, E.U.A :
_bAddison-Wesley Iberoamericana,
_c1986.
300 _axiii, 578 p. :
_bil.
534 _pTítulo original:
_tGeometry
650 4 _aGEOMETRIA MODERNA -
_xESTUDIO Y ENSEÑANZA
700 1 _aDowns, Floyd L.,
_ecoaut.
700 1 _aTola Pasquel, José,
_ecolab.
700 1 _aLluis Rivera, Emilio,
_ecolab.
905 _aLibro
999 _c26159
_d26159